Výskum kognitívno-behaviorálnych determinantov responzívnych modelov správania spotrebiteľov na digitálnych trhoch EÚ záverečná správa o výsledkoch riešenia projektu mladých učiteľov, vedeckých pracovníkov a doktorandov v dennej forme štúdia č. I-16-101-00 : za rok 2016

Uložené v:
Podrobná bibliografia
Hlavný autor: Štetka, Peter, 1986-
Korporativný autor: Fakulta podnikového manažmentu EU. Katedra podnikovohospodárska
Ďalší autori: Šlosár, Róbert, Šupák, Juraj, Pajonk, Peter, 1987-, Paholková, Barbora, Grisáková, Nora, 1978-, Štarchoň, Peter
Médium: Kniha
Jazyk:Slovak
Vydavateľské údaje: Bratislava 2016
Vydanie:1. vydanie
Tagy: Pridať tag
Žiadne tagy, Buďte prvý, kto otaguje tento záznam!

MARC

LEADER 00000nam a2200000 4500
001 0240847
005 20241001142740.7
041 0 |a slo 
044 |a SK 
245 1 0 |a Výskum kognitívno-behaviorálnych determinantov responzívnych modelov správania spotrebiteľov na digitálnych trhoch EÚ  |b záverečná správa o výsledkoch riešenia projektu mladých učiteľov, vedeckých pracovníkov a doktorandov v dennej forme štúdia č. I-16-101-00 : za rok 2016  |c zodpovedný riešiteľ: Peter Štetka, spoluriešitelia: Róbert Šlosár ... [et al.] ; oponenti: Nora Grisáková, Peter Štarchoň 
250 |a 1. vydanie 
264 1 |a Bratislava  |c 2016 
300 |a [30 s.] 
100 1 |a Štetka, Peter, 1986- 
700 1 |a Šlosár, Róbert 
700 1 |a Šupák, Juraj 
700 1 |a Pajonk, Peter, 1987- 
700 1 |a Paholková, Barbora 
700 1 |a Grisáková, Nora, 1978- 
700 1 |a Štarchoň, Peter 
710 2 |a Fakulta podnikového manažmentu EU. Katedra podnikovohospodárska